[Event "Stari Zednik"]
[Site "Stari Zednik"]
[Date "2017.06.23"]
[Round "6"]
[White "Kovacic, Sasa"]
[Black "Matkovic, Jovan"]
[Result "0-1"]
[WhiteElo "1567"]
[BlackElo "1899"]
[PlyCount "110"]
[EventDate "2017.06.14"]
[EventType "swiss"]
[EventRounds "9"]
[EventCountry "SRB"]
[SourceTitle "CBM 179 Extra"]
[Source "ChessBase"]
[SourceDate "2017.08.23"]
[SourceVersion "1"]
[SourceVersionDate "2017.08.23"]
[SourceQuality "1"]

1. d3 d5 2. Nf3 c5 3. g3 Nc6 4. Bg2 Bg4 5. 0-0 Qd7 6. Nc3 Nf6 7. Bg5 e6 8. h3 Bh5 9. Bxf6 gxf6 10. g4 Bg6 11. Nh4 Be7 12. Nxg6 hxg6 13. e4 d4 14. Ne2 0-0-0 15. Qd2 f5 16. Ng3 fxg4 17. hxg4 Qd6 18. f4 e5 19. a3 exf4 20. Qxf4 Qxf4 21. Rxf4 Bd6 22. e5 Nxe5 23. Ne4 b6 24. Nxd6+ Rxd6 25. b4 Kd7 26. bxc5 bxc5 27. Re1 g5 28. Rfe4 Ng6 29. Rf1 f6 30. Rb1 Rb6 31. Rxb6 axb6 32. Re1 Ne5 33. Rb1 Kc7 34. a4 Rh4 35. a5 bxa5 36. Rb7+ Kc8 37. Rb5 Rxg4 38. Rxc5+ Kd7 39. Rxa5 Rf4 40. Ra7+ Kd6 41. Kh2 Ng4+ 42. Kg3 Ne3 43. Ra6+ Kc5 44. Rc6+ Kb5 45. c4+ Kb4 46. Rb6+ Kc3 47. Bd5 Kxd3 48. Be6 Re4 49. c5 Re5 50. c6 Rc5 51. Bd7 Nd5 52. Be6 Kc3 53. Bxd5 Rxd5 54. c7 Rc5 55. Rb7 d3 0-1

[Event "Stari Zednik"]
[Site "Stari Zednik"]
[Date "2017.06.21"]
[Round "5"]
[White "Vucelic, Rade"]
[Black "Kovacic, Sasa"]
[Result "1-0"]
[WhiteElo "1890"]
[BlackElo "1567"]
[PlyCount "73"]
[EventDate "2017.06.14"]
[EventType "swiss"]
[EventRounds "9"]
[EventCountry "SRB"]
[SourceTitle "CBM 179 Extra"]
[Source "ChessBase"]
[SourceDate "2017.08.23"]
[SourceVersion "1"]
[SourceVersionDate "2017.08.23"]
[SourceQuality "1"]

1. e4 d6 2. d4 Nf6 3. Nc3 g6 4. f3 Bg7 5. Be3 0-0 6. Qd2 c6 7. g4 Qa5 8. 0-0-0 b5 9. Kb1 b4 10. Nce2 Be6 11. Nc1 Nbd7 12. g5 Ne8 13. Nb3 Bxb3 14. cxb3 Rb8 15. h4 Qc7 16. h5 f6 17. Bc4+ Rf7 18. hxg6 hxg6 19. Bxf7+ Kxf7 20. f4 a5 21. Ne2 Nb6 22. Nc1 a4 23. gxf6 Nxf6 24. Qc2 axb3 25. Qxb3+ d5 26. e5 Ne4 27. Nd3 Nc4 28. Nc5 e6 29. Nxe4 Na3+ 30. Ka1 dxe4 31. bxa3 Qa5 32. a4 Bf8 33. Rc1 Qb6 34. Rc4 Qa5 35. Rxc6 Qd5 36. Qxd5 exd5 37. Kb1 1-0

[Event "Stari Zednik"]
[Site "Stari Zednik"]
[Date "2017.06.17"]
[Round "3"]
[White "Kovacic, Sasa"]
[Black "Brindza, Dezso"]
[Result "1-0"]
[WhiteElo "1567"]
[BlackElo "1763"]
[PlyCount "45"]
[EventDate "2017.06.14"]
[EventType "swiss"]
[EventRounds "9"]
[EventCountry "SRB"]
[SourceTitle "CBM 179 Extra"]
[Source "ChessBase"]
[SourceDate "2017.08.23"]
[SourceVersion "1"]
[SourceVersionDate "2017.08.23"]
[SourceQuality "1"]

1. Nf3 d6 2. d3 Nf6 3. g3 g6 4. Bg2 Bg7 5. 0-0 e5 6. c4 c6 7. Nc3 Qc7 8. b4 Nbd7 9. Rb1 Nb6 10. Qb3 0-0 11. b5 Bg4 12. h3 Bd7 13. a4 a5 14. bxc6 Nxc4 15. cxd7 d5 16. dxc4 dxc4 17. Qxb7 Qxd7 18. Qxd7 Nxd7 19. e4 Nc5 20. Rb5 Nd3 21. Ba3 Rfd8 22. Rb7 h6 23. Rfb1 1-0

[Event "Stari Zednik"]
[Site "Stari Zednik"]
[Date "2017.06.16"]
[Round "2"]
[White "Rajic, Ivan"]
[Black "Kovacic, Sasa"]
[Result "1-0"]
[WhiteElo "1954"]
[BlackElo "1567"]
[PlyCount "83"]
[EventDate "2017.06.14"]
[EventType "swiss"]
[EventRounds "9"]
[EventCountry "SRB"]
[SourceTitle "CBM 179 Extra"]
[Source "ChessBase"]
[SourceDate "2017.08.23"]
[SourceVersion "1"]
[SourceVersionDate "2017.08.23"]
[SourceQuality "1"]

1. e4 d6 2. d4 Nf6 3. Nc3 g6 4. Be3 Bg7 5. Qd2 0-0 6. h3 c5 7. dxc5 dxc5 8. Qxd8 Rxd8 9. Bxc5 Nc6 10. Nf3 b6 11. Ba3 Bb7 12. Bd3 Nh5 13. 0-0-0 Bxc3 14. bxc3 Nf4 15. g3 Nxd3+ 16. cxd3 Rac8 17. Rhe1 b5 18. Bb2 e5 19. Kb1 f6 20. g4 b4 21. c4 Na5 22. Nh4 b3 23. axb3 Nxb3 24. Kc2 Nd4+ 25. Bxd4 Rxd4 26. Ra1 a6 27. Reb1 Rd7 28. Rb4 Ra8 29. Ra5 Rad8 30. Rb3 Rc7 31. f3 Rdc8 32. Ng2 Ra8 33. Ne3 Kf7 34. Kc3 Rd7 35. Rb6 Rad8 36. Nd5 f5 37. gxf5 g5 38. Re6 Re8 39. Rxe8 Kxe8 40. Nf6+ Ke7 41. Nxd7 Kxd7 42. Rxe5 1-0

[Event "Stari Zednik"]
[Site "Stari Zednik"]
[Date "2017.06.14"]
[Round "1"]
[White "Kovacic, Sasa"]
[Black "Kovac, Imre"]
[Result "1/2-1/2"]
[WhiteElo "1567"]
[BlackElo "1854"]
[PlyCount "80"]
[EventDate "2017.06.14"]
[EventType "swiss"]
[EventRounds "9"]
[EventCountry "SRB"]
[SourceTitle "CBM 179 Extra"]
[Source "ChessBase"]
[SourceDate "2017.08.23"]
[SourceVersion "1"]
[SourceVersionDate "2017.08.23"]
[SourceQuality "1"]

1. Nf3 d5 2. d3 c5 3. g3 Nc6 4. Bg2 e5 5. 0-0 Nf6 6. e4 d4 7. Nbd2 Be6 8. Ng5 Qd7 9. Nxe6 Qxe6 10. f4 exf4 11. gxf4 h5 12. Nf3 Qg4 13. Kh1 h4 14. Rg1 Nh5 15. h3 Ng3+ 16. Kh2 Qh5 17. c3 0-0-0 18. e5 dxc3 19. bxc3 Qf5 20. Qa4 Qxd3 21. Ng5 Qxc3 22. Rb1 Rd4 23. Qb5 Rb4 24. Rxb4 cxb4 25. Nxf7 Rh5 26. Rd1 a6 27. Qd5 Bc5 28. Qd7+ Kb8 29. Nd6 Bxd6 30. Qxd6+ Ka7 31. e6 Nf5 32. Qd7 Qg3+ 33. Kh1 Ne3 34. Bxe3+ Qxe3 35. Bxc6 Qxh3+ 36. Kg1 Qe3+ 37. Kh1 Qh3+ 38. Kg1 Qe3+ 39. Kh1 Qh3+ 40. Kg1 Qe3+ 1/2-1/2

[Event "Subotica-ch op"]
[Site "Subotica"]
[Date "2017.03.10"]
[Round "8"]
[White "Kovacic, Sasa"]
[Black "Fatyol, Istvan"]
[Result "0-1"]
[WhiteElo "1582"]
[BlackElo "1939"]
[PlyCount "78"]
[EventDate "2017.02.22"]
[EventType "swiss"]
[EventRounds "9"]
[EventCountry "SRB"]
[SourceTitle "CBM 177 Extra"]
[Source "ChessBase"]
[SourceDate "2017.04.27"]
[SourceVersion "1"]
[SourceVersionDate "2017.04.27"]
[SourceQuality "1"]

1. Nf3 d5 2. d3 Nf6 3. g3 Bg4 4. Bg2 Nbd7 5. 0-0 e5 6. h3 Bh5 7. g4 Bg6 8. Nh4 c6 9. Nxg6 fxg6 10. e4 Bd6 11. Bg5 Qb6 12. b3 h6 13. Bh4 g5 14. Bg3 0-0 15. Nc3 d4 16. Na4 Qc7 17. Nb2 b5 18. Qd2 Nc5 19. Nd1 Ne6 20. f3 c5 21. Nf2 a5 22. h4 c4 23. hxg5 Nxg5 24. Bh4 Nfh7 25. Nh1 Be7 26. Bg3 Ne6 27. Bh2 Bg5 28. Qd1 Be3+ 29. Nf2 c3 30. Kh1 Qe7 31. Bxe5 Qh4+ 32. Nh3 Nf4 33. Bxf4 Bxf4 34. Qe1 Bg3 35. Rf2 Ng5 36. Qe2 Nxh3 37. Bxh3 Qxh3+ 38. Kg1 Bxf2+ 39. Qxf2 Rxf3 0-1

[Event "Subotica-ch op"]
[Site "Subotica"]
[Date "2017.03.03"]
[Round "5"]
[White "Slavic, Nikola"]
[Black "Kovacic, Sasa"]
[Result "1-0"]
[WhiteElo "1869"]
[BlackElo "1582"]
[PlyCount "59"]
[EventDate "2017.02.22"]
[EventType "swiss"]
[EventRounds "9"]
[EventCountry "SRB"]
[SourceTitle "CBM 177 Extra"]
[Source "ChessBase"]
[SourceDate "2017.04.27"]
[SourceVersion "1"]
[SourceVersionDate "2017.04.27"]
[SourceQuality "1"]

1. e4 d6 2. d4 Nf6 3. Nc3 g6 4. f3 Bg7 5. Be3 0-0 6. Qd2 c5 7. dxc5 Qa5 8. Nb5 Qxd2+ 9. Kxd2 Nc6 10. cxd6 Rd8 11. Bd3 a6 12. dxe7 Rxd3+ 13. cxd3 axb5 14. Bc5 Bd7 15. Ne2 Re8 16. Rhc1 Nxe7 17. Bxe7 Rxe7 18. Rc7 Ne8 19. Rxb7 Bxb2 20. Rb1 Bg7 21. R1xb5 Bxb5 22. Rxe7 Nd6 23. Ra7 Nc8 24. Ra8 Bd7 25. a4 Be5 26. d4 Bc7 27. a5 Kg7 28. d5 Nd6 29. Nc3 Kf6 30. Ra7 1-0

[Event "Subotica-ch op"]
[Site "Subotica"]
[Date "2017.02.27"]
[Round "3"]
[White "Petrovic, Nikola H"]
[Black "Kovacic, Sasa"]
[Result "0-1"]
[WhiteElo "2019"]
[BlackElo "1582"]
[PlyCount "90"]
[EventDate "2017.02.22"]
[EventType "swiss"]
[EventRounds "9"]
[EventCountry "SRB"]
[SourceTitle "CBM 177 Extra"]
[Source "ChessBase"]
[SourceDate "2017.04.27"]
[SourceVersion "1"]
[SourceVersionDate "2017.04.27"]
[SourceQuality "1"]

1. e4 d6 2. Bc4 Nf6 3. Nc3 g6 4. b3 Bg7 5. Bb2 0-0 6. h3 c5 7. Nf3 Nc6 8. Bb5 Bd7 9. Bxc6 Bxc6 10. d4 Nxe4 11. Nxe4 Bxe4 12. 0-0 Qb6 13. dxc5 Qxc5 14. Bxg7 Kxg7 15. Rc1 Rac8 16. c4 Bf5 17. Re1 e5 18. Qd2 Qc6 19. Qc3 f6 20. Nh4 Be6 21. Qg3 Rcd8 22. Rf1 e4 23. Rcd1 Bc8 24. f4 f5 25. Rc1 Qc5+ 26. Kh2 Be6 27. Qc3+ Kg8 28. b4 Qc7 29. g3 Qe7 30. Ng2 Rc8 31. Qd4 b6 32. Ne3 Rfd8 33. Rfd1 Qg7 34. Qd2 g5 35. Rg1 h6 36. Qc2 d5 37. g4 fxg4 38. f5 Qe5+ 39. Rg3 Bxf5 40. hxg4 Be6 41. Qb3 d4 42. Nf5 Bxf5 43. gxf5 Qxf5 44. c5+ Qd5 45. Qxd5+ Rxd5 0-1

[Event "Subotica-ch op"]
[Site "Subotica"]
[Date "2017.02.22"]
[Round "1"]
[White "Jovanovic, Milan B"]
[Black "Kovacic, Sasa"]
[Result "1-0"]
[WhiteElo "2047"]
[BlackElo "1582"]
[PlyCount "71"]
[EventDate "2017.02.22"]
[EventType "swiss"]
[EventRounds "9"]
[EventCountry "SRB"]
[SourceTitle "CBM 177 Extra"]
[Source "ChessBase"]
[SourceDate "2017.04.27"]
[SourceVersion "1"]
[SourceVersionDate "2017.04.27"]
[SourceQuality "1"]

1. e4 d6 2. d4 Nf6 3. Nc3 g6 4. Bg5 Bg7 5. Qd2 0-0 6. 0-0-0 c5 7. dxc5 Qa5 8. cxd6 Rd8 9. e5 Qxe5 10. Nf3 Qxd6 11. Qxd6 Rxd6 12. Rxd6 exd6 13. Nb5 Nc6 14. Nxd6 Be6 15. Bc4 Bxc4 16. Nxc4 b5 17. Nd6 b4 18. Re1 h6 19. Bh4 Rd8 20. Ne4 g5 21. Nfxg5 hxg5 22. Bxg5 Nxe4 23. Bxd8 Nxd8 24. Rxe4 Bf8 25. Re8 Nc6 26. f3 Kg7 27. Re4 a5 28. Kd2 Kg6 29. Kd3 Bg7 30. c3 Ne5+ 31. Kc2 f5 32. Rd4 bxc3 33. bxc3 Bf6 34. a4 Nc6 35. Rd5 Be5 36. Rc5 1-0

[Event "Subotica-ch op"]
[Site "Subotica"]
[Date "2016.03.09"]
[Round "8"]
[White "Lorincz, Laszlo"]
[Black "Kovacic, Sasa"]
[Result "1-0"]
[WhiteElo "1833"]
[BlackElo "1600"]
[PlyCount "79"]
[EventDate "2016.02.22"]
[EventType "swiss"]
[EventRounds "9"]
[EventCountry "SRB"]
[SourceTitle "CBM 171 Extra"]
[Source "ChessBase"]
[SourceDate "2016.04.26"]
[SourceVersion "1"]
[SourceVersionDate "2016.04.26"]
[SourceQuality "1"]

1. d4 d6 2. c4 Nf6 3. Nc3 g6 4. e3 Bg7 5. Nf3 0-0 6. Be2 Nbd7 7. e4 e5 8. d5 Nc5 9. Qc2 a5 10. Bg5 h6 11. Be3 Ng4 12. Bxc5 dxc5 13. h3 Nf6 14. Nxe5 Nxe4 15. Nxe4 Bxe5 16. Nxc5 Qg5 17. Bf3 Re8 18. Ne4 Qf4 19. Kf1 Bd7 20. Re1 b6 21. b3 Bf5 22. Qd1 Bxe4 23. Rxe4 Qg5 24. g3 Bd6 25. Rxe8+ Rxe8 26. Kg2 Qe5 27. Qd2 Kh7 28. Rd1 h5 29. h4 Bb4 30. Qd3 Bc5 31. Rd2 f5 32. Re2 Qh8 33. Re6 Rf8 34. Qd2 f4 35. g4 hxg4 36. Bxg4 Rf7 37. Re4 Bd6 38. Qd3 Kg7 39. Qh3 Be5 40. Rxe5 1-0

[Event "Subotica-ch op"]
[Site "Subotica"]
[Date "2016.02.24"]
[Round "2"]
[White "Vadoc, Karolj"]
[Black "Kovacic, Sasa"]
[Result "1-0"]
[WhiteElo "1840"]
[BlackElo "1600"]
[PlyCount "91"]
[EventDate "2016.02.22"]
[EventType "swiss"]
[EventRounds "9"]
[EventCountry "SRB"]
[SourceTitle "CBM 171 Extra"]
[Source "ChessBase"]
[SourceDate "2016.04.26"]
[SourceVersion "1"]
[SourceVersionDate "2016.04.26"]
[SourceQuality "1"]

1. e4 d6 2. d4 Nf6 3. Nc3 g6 4. f4 Bg7 5. Nf3 0-0 6. Bd3 c6 7. 0-0 Bg4 8. h3 Bxf3 9. Qxf3 Nbd7 10. e5 dxe5 11. dxe5 Ne8 12. Ne4 Nc7 13. Be3 Nd5 14. Rad1 Nxe3 15. Qxe3 Bh6 16. Bc4 Qb6 17. Qxb6 Nxb6 18. Bb3 Rad8 19. g3 Nd5 20. Rfe1 b6 21. Rd2 b5 22. Red1 e6 23. a3 Rc8 24. Nc5 g5 25. Bxd5 cxd5 26. Nd7 Rfd8 27. Nf6+ Kg7 28. Rg2 gxf4 29. gxf4+ Kh8 30. Rf1 Rc4 31. Rg4 Rxc2 32. Rh4 Kg7 33. Kh1 Kf8 34. Rxh6 d4 35. Rxh7 Ke7 36. Rd1 d3 37. Ne4 Re2 38. Nd6 Rf8 39. Rxd3 Rxb2 40. Rg7 a5 41. Nb7 Rc8 42. Rg2 Rc1+ 43. Kh2 Rbb1 44. Nxa5 Ra1 45. Nb3 Rxa3 46. Nxc1 1-0

[Event "Subotica-ch op"]
[Site "Subotica"]
[Date "2016.02.22"]
[Round "1"]
[White "Matkovic, Jovan"]
[Black "Kovacic, Sasa"]
[Result "1-0"]
[WhiteElo "1960"]
[BlackElo "1600"]
[PlyCount "81"]
[EventDate "2016.02.22"]
[EventType "swiss"]
[EventRounds "9"]
[EventCountry "SRB"]
[SourceTitle "CBM 171 Extra"]
[Source "ChessBase"]
[SourceDate "2016.04.26"]
[SourceVersion "1"]
[SourceVersionDate "2016.04.26"]
[SourceQuality "1"]

1. e4 d6 2. d4 Nf6 3. Nc3 g6 4. Be2 Bg7 5. Be3 0-0 6. g4 c6 7. g5 Ne8 8. f4 b5 9. a3 Nd7 10. Nf3 Nb6 11. Nd2 e5 12. Nf3 Bg4 13. 0-0 Bxf3 14. Rxf3 Nc4 15. Bxc4 bxc4 16. dxe5 dxe5 17. Qxd8 Rxd8 18. f5 gxf5 19. exf5 e4 20. Nxe4 Bxb2 21. Ra2 Rd1+ 22. Rf1 Rxf1+ 23. Kxf1 Be5 24. Bxa7 Bxh2 25. Bc5 Nc7 26. Nf6+ Kg7 27. Bxf8+ Kxf8 28. Nxh7+ Kg7 29. Nf6 Be5 30. Ne4 Nd5 31. Ke2 f6 32. gxf6+ Bxf6 33. a4 Bd4 34. Ra3 Ne7 35. Rf3 Nd5 36. a5 c3 37. Kd3 Be5 38. f6+ Bxf6 39. Rxf6 Nxf6 40. Nxf6 Kxf6 41. a6 1-0

[Event "Subotica-ch"]
[Site "Subotica"]
[Date "2015.02.16"]
[Round "1"]
[White "Jancikin, Svetozar"]
[Black "Kovacic, Sasa"]
[Result "1-0"]
[WhiteElo "2004"]
[BlackElo "1632"]
[PlyCount "73"]
[EventDate "2015.02.16"]
[EventType "swiss"]
[EventRounds "9"]
[EventCountry "SRB"]
[SourceTitle "CBM 165 Extra"]
[Source "ChessBase"]
[SourceDate "2015.04.21"]
[SourceVersion "1"]
[SourceVersionDate "2015.04.21"]
[SourceQuality "1"]

1. e4 e5 2. Nf3 Nc6 3. d4 exd4 4. Bc4 Be7 5. c3 d6 6. cxd4 Nf6 7. Nc3 0-0 8. h3 a6 9. a4 Na5 10. Bd3 c5 11. 0-0 b6 12. Bf4 Bb7 13. d5 Re8 14. Ne2 c4 15. Bc2 Rc8 16. Ng3 g6 17. Ra3 Bf8 18. Bg5 Bg7 19. Nd4 h6 20. Bd2 Qc7 21. Bc3 Ba8 22. Qf3 Nh7 23. Qg4 Nb7 24. Ndf5 Nf6 25. Nxh6+ Kh7 26. Qh4 Bxh6 27. Bxf6 Rh8 28. Nf5 gxf5 29. exf5 Rhg8 30. Re3 Qc5 31. Re7 Nd8 32. Bd4 Qxd5 33. f3 Nc6 34. Be3 Rg5 35. f6+ Rg6 36. Qxh6+ Kg8 37. Bxg6 1-0